000
00288nam a2200121Ia 4500
008
190216s9999||||xx |||||||||||||| ||und||
100
_a
Sarda N L
245
0
_a
Programming In Basic
260
_b
Pitambhar Pubs.Company
_c
1984
300
_a
284 p
650
_a
Computer Science
942
_c
BK
999
_c
8348
_d
8348